000 00360nam a2200157Ia 4500
003 0STCL
008 150530s9999 xx 000 0 und d
040 _aSTCL
_cSTCL
100 _aPuri, A.N.
245 _aNew numerical examples in physics
260 _bAtma Ram
_c1975
546 _aEnglish
942 _2ddc
_cBK
999 _c27716
_d27716
005 20220125170114.0